000 00944nam a2200265Ia 4500
003 OSt
005 20221005103500.0
006 a|||||r|||| 00| 0
007 ta
008 221004b |||||||| |||| 00| 0 hin d
020 _a9789382159919 (hbk)
_cINR 9800.00
024 _a36499
037 _b2414, 14/03/2018, Kiran Book Service
_cTextual
040 _aCRL
_cCRL
_bhin
041 _2hin
_ahin
082 _az, 152Q7.1-.4
100 _aयादव, सोनिया, ले.
245 0 _aज्ञान विकास संग्रह
246 _aJnyān vikās sangraha
260 _aजयपुर
_bमार्क पब्लिर्शस भारत
_c2017
490 _vभाग 1
650 _aसामान्य ज्ञान
942 _hz, 152Q7.1-.4
_cTEXL
_2cc
999 _c1010157
_d1010157